Pražský hrad
| Titel: | Pražský hrad : nádvořími do zahrad = Prague Castle : in and out without hassle = Die Prager Burg : durch die Burghöfe in die Gärten = Pražskij grad : dvorami v sady / [foto] Luděk Sládek ; [text] František Kadlec |
|---|---|
| Beteiligt: | ; |
| Veröffentlicht: | Praha : Kam po Česku, 2015 |
| Umfang: | 200 Seiten : Illustrationen ; 21 cm |
| Format: | Buch |
| Sprache: | Tschechisch |
| Schriftenreihe/ mehrbändiges Werk: |
Kam |
| ISBN: | 8026065182 ; 9788026065180 |
| Hinweise zum Inhalt: |
Inhaltsverzeichnis
|
| Lokale Klassifikation: | 23 9 D ; 23 8 P 351 ; 23 8 P 301 |
|---|
alg: 35851335 001A $03004:30-04-15 001B $01999:17-12-25 $t07:53:14.000 001D $03004:12-04-16 001U $0utf8 001X $00 002@ $0Aau 002C $aText $btxt $2rdacontent 002C $aunbewegtes Bild $bsti $2rdacontent 002D $aohne Hilfsmittel zu benutzen $bn $2rdamedia 002E $aBand $bnc $2rdacarrier 003@ $0358513359 004A $080-260-6518-2 004A $A978-80-260-6518-0 006G $01082385352 006H $0TOCNEUA1610 $2DNB 006U $016,A10 $f20160211 007A $0358513359 $aHEB 007G $0DE0209C250DF3EAB2FADBC1257F9A003E58F1 009P $qapplication/pdf $A2 $3Inhaltsverzeichnis $uhttps://scans.hebis.de/HEBCGI/show.pl?35851335_toc.pdf $mV:DE-603;B:DE-Mb50 010@ $acze $ccze 011@ $a2015 021A $aPražský hrad $dnádvořími do zahrad $fPrague Castle $fin and out without hassle $fDie @Prager Burg $fdurch die Burghöfe in die Gärten $fPražskij grad $fdvorami v sady $h[foto] Luděk Sládek ; [text] František Kadlec 028C $D20231015 $Ecgwrk $71131827082 $8Sládek, Luděk$Z1961- [Tp3] $9403031567 028C $7 $8Kadlec, František [Tnd] $9155060376 033A $pPraha $nKam po Česku 034D $a200 Seiten 034I $a21 cm 034M $aIllustrationen 036G $aKam 044K $qDNB $RPrag $#Prager Burg Prag $#Burg Hradschin Prag $#Pražský hrad Prag $74216687-1 $8Burg Prag$gPrag [Tg1] $9086117262 045F $a709.4371 $eDDC23BSB 045F/01 $a709 045F/03 $g4371 046L $aText in tschechischer, englischer, deutscher und russischer Sprache lok: 35851335 24 101B $012-04-16 $t15:30:33.000 101C $012-04-16 101U $0utf8 145Z/01 $a23 9 D 145Z/02 $a23 8 P 351 145Z/03 $a23 8 P 301 exp: 35851335 24 1 #EPN 201B/01 $012-04-16 $t15:30:33.000 201C/01 $030-04-15 201U/01 $0utf8 203@/01 $0753826704 208@/01 $a12-04-16 $bz 209A/01 $a15.04434 $du $f050 $h15 04434 $x00 209C/01 $a15.04434 K $h15 04434 K 209G/01 $a73600570 $x00 220C/01 $akon 247C/01 $8358050-7Marburg, Bibliothek des Herder-Instituts Marburg $9102600961
| LEADER | 00000cam a2200000 c 4500 | ||
|---|---|---|---|
| 001 | 358513359 | ||
| 003 | DE-603 | ||
| 005 | 20251217075314.0 | ||
| 007 | tu | ||
| 008 | 150430s2015 xx |||| | u00||u|cze | ||
| 015 | |a 16,A10 |2 dnb | ||
| 016 | 7 | |2 DE-101 |a 1082385352 | |
| 020 | |a 8026065182 | ||
| 020 | |a 9788026065180 | ||
| 035 | |a (DE-599)HEB358513359 | ||
| 040 | |a DE-603 |b ger |c DE-603 |d DE-603 | ||
| 041 | |a cze |h cze | ||
| 082 | 0 | 4 | |8 1\u |a 709.4371 |q DE-101 |2 23/BSB |
| 085 | |8 1\u |b 709 | ||
| 085 | |8 1\u |z 2 |s 4371 | ||
| 245 | 0 | 0 | |a Pražský hrad |b nádvořími do zahrad = Prague Castle : in and out without hassle = Die Prager Burg : durch die Burghöfe in die Gärten = Pražskij grad : dvorami v sady |c [foto] Luděk Sládek ; [text] František Kadlec |
| 264 | 1 | |a Praha |b Kam po Česku |c 2015 | |
| 300 | |a 200 Seiten |b Illustrationen |c 21 cm | ||
| 336 | |a Text |b txt |2 rdacontent | ||
| 336 | |a unbewegtes Bild |b sti |2 rdacontent | ||
| 337 | |a ohne Hilfsmittel zu benutzen |b n |2 rdamedia | ||
| 338 | |a Band |b nc |2 rdacarrier | ||
| 490 | 0 | |a Kam | |
| 546 | |a Text in tschechischer, englischer, deutscher und russischer Sprache | ||
| 651 | 7 | |a Burg Prag |g Prag |0 (DE-588)4216687-1 |0 (DE-603)086117262 |2 gnd | |
| 700 | 1 | |a Sládek, Luděk |d 1961- |0 (DE-603)403031567 |0 (DE-588)1131827082 |2 gnd | |
| 700 | 1 | |a Kadlec, František |0 (DE-603)155060376 | |
| 856 | 4 | 2 | |m V:DE-603;B:DE-Mb50 |q application/pdf |u https://scans.hebis.de/HEBCGI/show.pl?35851335_toc.pdf |3 Inhaltsverzeichnis |
| 924 | 0 | |9 Mb 50 |a (DE-603)753826704 |b DE-Mb50 |c HES |d c |g 15.04434 | |


